[Event "Karl Mala Memorial op 08th"]
[Site "Frankfurt"]
[Date "2004.07.24"]
[Round "5"]
[White "Adam, Wilfried"]
[Black "Schoebel Kroehn, Wilfried"]
[Result "1-0"]
[WhiteElo "1876"]
[BlackElo "1691"]
[PlyCount "59"]
[EventDate "2004.07.22"]
[EventType "swiss"]
[EventRounds "7"]
[EventCountry "GER"]
[SourceTitle "EXT 2005"]
[Source "ChessBase"]
[SourceDate "2004.11.15"]
[SourceVersion "1"]
[SourceVersionDate "2004.11.15"]
[SourceQuality "1"]

1. e4 c5 2. d3 Nc6 3. f4 d6 4. Nf3 g6 5. Be2 Bg7 6. c3 e5 7. 0-0 Nge7 8. Be3 b6 9. a4 0-0 10. h3 f5 11. fxe5 dxe5 12. Ng5 Qd6 13. Na3 Nd8 14. a5 f4 15. Bf2 h6 16. Nf3 Rb8 17. Nc4 Qc7 18. axb6 axb6 19. d4 exd4 20. cxd4 b5 21. Na3 cxd4 22. Nxb5 Qc6 23. Nfxd4 Qxe4 24. Bf3 Qe5 25. Re1 Qf6 26. Ra7 Nf5 27. Nxf5 Qxf5 28. Nd6 Qf6 29. Ne8 Rxe8 30. Rxe8+ 1-0